000 00493nam a2200193Ia 4500
003 IIN
005 20231227154039.0
008 231217s9999 xx 000 0 und d
020 _cRs.595.00
_a9789394792791
040 _aIIN
_bEnglish
082 _a580
_b BAV
100 1 _a Baveja, C.P.
245 1 _aApplied Microbiology for B.Sc Nursing
_cC. P. Baveja
250 _a7th ed
260 _bAryan
_aSirmour
_c2023
300 _a[6]; 3-332p.
650 _aMicrobiology
942 _cBOOK
999 _c1396
_d1396